| 000 | 00937nam a2200277 a 4500 | ||
|---|---|---|---|
| 001 | 4305340 | ||
| 003 | ARRUPE | ||
| 005 | 20131001141332.0 | ||
| 008 | 860714s1986 miu b 001 0 eng | ||
| 010 | _a 86182963 | ||
| 020 | _a0802802443 (pbk.) | ||
| 020 | _a037700166X (Friendship Press : pbk.) | ||
| 040 |
_aDLC _cDLC _dDLC |
||
| 050 | 0 | 0 |
_aBT702 _b.H35 1986 |
| 100 | 1 |
_aHall, Douglas John, _d1928- _91866 |
|
| 245 | 1 | 0 |
_aImaging God : _bdominion as stewardship / _cDouglas John Hall. |
| 260 |
_aGrand Rapids : _bW.B. Eerdmans Pub. Co. ; _aNew York : _bFriendship Press, _cc1986. |
||
| 300 |
_aviii, 248 p. ; _c22 cm. |
||
| 440 | 0 |
_aLibrary of Christian stewardship _91867 |
|
| 500 | _aIncludes indexes. | ||
| 504 | _aBibliography: p. 207-236. | ||
| 650 | 0 |
_aImage of God. _91868 |
|
| 650 | 0 |
_aNature _xReligious aspects _xChristianity. _91869 |
|
| 906 |
_a7 _bcbc _corignew _d3 _encip _f19 _gy-gencatlg |
||
| 942 |
_2lcc _cMONOGRAPH |
||
| 999 |
_c118189 _d118189 |
||